504 Absolutely essential words (Record no. 26625)

MARC details
000 -LEADER
fixed length control field 00461nam a2200193Ia 4500
020 ## - INTERNATIONAL STANDARD BOOK NUMBER
ISBN 0-7641-2815-8
050 ## - CALL MARK
Classification number PE1449.B68
100 ## - STATEMENT OF RESPONSIBILITY--MAIN AUTHOR NAME
Personal name Murray Bromberg
245 #0 - TITLE STATEMENT
Title 504 Absolutely essential words
250 ## - EDITION / VOLUME STATEMENT
Edition / Volume statement Fifth Edition
260 ## - PUBLICATION, DISTRIBUTION, ETC. (IMPRINT)
Place of publication New York
260 ## - PUBLICATION, DISTRIBUTION, ETC. (IMPRINT)
Name of publisher Barron's
260 ## - PUBLICATION, DISTRIBUTION, ETC. (IMPRINT)
Year of publication 1975
300 ## - PHYSICAL DESCRIPTION
Number of Pages 172 p
650 ## - SUBJECT ADDED ENTRY--TOPICAL TERM
Topical Term Vocabulary Problems Exercises
942 ## - ADDED ENTRY ELEMENTS (KOHA)
Koha item type Books
Holdings
Withdrawn status Lost status Source of classification or shelving scheme Damaged status Not for loan Permanent Location Current Location Date acquired Full call number Accession Number Price effective from Koha item type
    Library of Congress Classification     NILE UNIVERSITY OF NIGERIA - MAIN LIBRARY NILE UNIVERSITY OF NIGERIA - MAIN LIBRARY 04/23/2025 PE1449.B68 0005527 04/23/2025 Books